[Event "CRO Topla Voda Cup"]
[Site "Tuhovec"]
[Date "2022.08.06"]
[Round "7.3"]
[White "Bogi, Tomislav"]
[Black "Strukelj, Zlatko"]
[Result "1/2-1/2"]
[WhiteElo "1916"]
[BlackElo "1655"]
[PlyCount "78"]
[EventDate "2022.08.06"]
[EventType "team-tourn (blitz)"]
[EventRounds "11"]
[EventCountry "CRO"]
[SourceTitle "CBM 209 Extra"]
[Source "ChessBase"]
[SourceDate "2022.09.30"]
[SourceVersion "1"]
[SourceVersionDate "2022.09.30"]
[SourceQuality "1"]
[WhiteTeam "Mace Gaj CC"]
[BlackTeam "Strahoninec"]
[WhiteTeamCountry "CRO"]
[BlackTeamCountry "CRO"]

1. d4 Nf6 2. c4 d6 3. Nc3 g6 4. e4 Bg7 5. Nf3 0-0 6. Be2 Nc6 7. 0-0 e5 8. Bg5 exd4 9. Nxd4 Nxd4 10. Qxd4 h6 11. Bh4 g5 12. Bg3 Nh5 13. Qd2 Nxg3 14. hxg3 Be6 15. Nd5 c6 16. Ne3 Qc7 17. Rac1 Rad8 18. Rfd1 Qb6 19. b4 Rd7 20. a3 Rfd8 21. Qc2 a5 22. c5 dxc5 23. bxc5 Rxd1+ 24. Nxd1 Qb3 25. Ne3 Qxa3 26. Rb1 Rb8 27. f4 Qxe3+ 28. Kh2 gxf4 29. Bf3 fxg3+ 30. Kh1 Bd4 31. e5 Qg5 32. Qe4 Qxe5 33. Qh4 Bf2 34. Bxc6 Qg5 35. Qxg5+ hxg5 36. Bxb7 Bxc5 37. Rc1 Rxb7 38. Rd1 Rd7 39. Rxd7 Bxd7 1/2-1/2

[Event "CRO Topla Voda Cup"]
[Site "Tuhovec"]
[Date "2022.08.06"]
[Round "2.3"]
[White "Matkun, Borna"]
[Black "Bogi, Tomislav"]
[Result "0-1"]
[WhiteElo "1424"]
[BlackElo "1916"]
[PlyCount "50"]
[EventDate "2022.08.06"]
[EventType "team-tourn (blitz)"]
[EventRounds "11"]
[EventCountry "CRO"]
[SourceTitle "CBM 209 Extra"]
[Source "ChessBase"]
[SourceDate "2022.09.30"]
[SourceVersion "1"]
[SourceVersionDate "2022.09.30"]
[SourceQuality "1"]
[WhiteTeam "Var Toplice Mladost II"]
[BlackTeam "Mace Gaj CC"]
[WhiteTeamCountry "CRO"]
[BlackTeamCountry "CRO"]

1. e4 c5 2. Nf3 g6 3. Nc3 Bg7 4. d4 cxd4 5. Nxd4 Nc6 6. Nb3 Nf6 7. Be2 0-0 8. Bf4 b6 9. Qd2 d6 10. Bh6 Bg4 11. Bxg7 Kxg7 12. Bxg4 Nxg4 13. h3 Nge5 14. 0-0-0 a5 15. f4 Nd7 16. e5 Nc5 17. Nxc5 dxc5 18. g4 Qc7 19. h4 Rad8 20. Qe2 Nd4 21. Qe3 Qc6 22. h5 b5 23. hxg6 hxg6 24. Rh3 b4 25. Ne4 Qa4 0-1